Impresiones de un viaje a España / (Record no. 198207)

MARC details
000 -LEADER
campo de control de longitud fija 01538nam a2200385 i 4500
001 - NÚMERO DE CONTROL
campo de control 198207
003 - IDENTIFICADOR DE NÚMERO DE CONTROL
campo de control ES-MaACL
005 - FECHA Y HORA DE LA ÚLTIMA TRANSACCIÓN
campo de control 20260408162449.0
007 - CAMPO FIJO DE DESCRIPCIÓN FÍSICA--INFORMACIÓN GENERAL
campo de control de longitud fija ta
008 - DATOS DE LONGITUD FIJA--INFORMACIÓN GENERAL
campo de control de longitud fija 260408s1959 mx a|||| |||| 001 0dspa d
040 ## - FUENTE DE CATALOGACIÓN
Centro catalogador/agencia de origen ES-MaACL
Lengua de catalogación spa
Centro/agencia transcriptor ES-MaACL
Normas de descripción rda
044 ## - CÓDIGO DEL PAÍS DE LA ENTIDAD EDITORA/PRODUCTORA
Código MARC del país mx
080 ## - NÚMERO DE LA CLASIFICACIÓN DECIMAL UNIVERSAL
Identificador de la edición 929 Fosado Balderas, Jorge
080 ## - NÚMERO DE LA CLASIFICACIÓN DECIMAL UNIVERSAL
Número de la Clasificación Decimal Universal 929(460)(047.53)
080 ## - NÚMERO DE LA CLASIFICACIÓN DECIMAL UNIVERSAL
Número de la Clasificación Decimal Universal 908(460.11)"1957"
100 1# - ENTRADA PRINCIPAL--NOMBRE DE PERSONA
Nombre de persona Fosado Balderas, Jorge
Relación aut
9 (RLIN) 242965
Término indicativo de función/relación Autor
245 10 - MENCIÓN DEL TÍTULO
Título Impresiones de un viaje a España /
Mención de responsabilidad, etc. por Jorge Fosado Balderas ; prólogo por René Capistrán Garza
264 #1 - PRODUCCIÓN, PUBLICACIÓN, DISTRIBUCIÓN, FABRICACIÓN Y COPYRIGHT
Producción, publicación, distribución, fabricación y copyright México D.F. :
Nombre del de productor, editor, distribuidor, fabricante Talleres de Imprenta y Offset Isabel,
Fecha de producción, publicación, distribución, fabricación o copyright 1959
300 ## - DESCRIPCIÓN FÍSICA
Extensión III, 114 páginas (13 hojas de fotografías sin numerar) :
Otras características físicas ilustraciones, fotografías (blanco y negro) ;
Dimensiones 23 cm +
Material acompañante/anejo fe de erratas
336 ## - TIPO DE CONTENIDO
Fuente rdacontent
Término de tipo de contenido Texto
337 ## - TIPO DE MEDIO
Fuente rdamedia
Nombre/término del tipo de medio sin mediación
338 ## - TIPO DE SOPORTE
Fuente rdacarrier
Nombre/término del tipo de soporte volumen
500 ## - NOTA GENERAL
Nota general Registro provisional
500 ## - NOTA GENERAL
Nota general Dedicatoria "Para el Dr. Ing. Jaime Lope?, con la gratitud de Jorge Fosado B." (hoja de guarda)
500 ## - NOTA GENERAL
Nota general Índice
600 14 - PUNTO DE ACCESO ADICIONAL DE MATERIA--NOMBRE DE PERSONA
Nombre de persona Fosado Balderas, Jorge
9 (RLIN) 242965
650 #4 - PUNTO DE ACCESO ADICIONAL DE MATERIA--TÉRMINO DE MATERIA
Término de materia o nombre geográfico como elemento de entrada Personas célebres
Subdivisión geográfica España
Subdivisión de forma Entrevistas
9 (RLIN) 242966
651 #4 - PUNTO DE ACCESO ADICIONAL DE MATERIA--NOMBRE GEOGRÁFICO
Nombre geográfico España-
Subdivisión general Descripción-
Subdivisión cronológica S.XX
9 (RLIN) 8187
655 #4 - TERMINO DE INDIZACIÓN--GENERO/FORMA
Datos o término principal de género/forma Narraciones de viajes
9 (RLIN) 233914
655 #4 - TERMINO DE INDIZACIÓN--GENERO/FORMA
Datos o término principal de género/forma Entrevistas
9 (RLIN) 234232
852 ## - LOCALIZACIÓN
Ubicación ES-MaACL
Ubicación en estantería Despachos-biblioteca
Número de control de estantería DB-102
Donativo/Legado Donación: Manuel Guedán
Encuadernación Encuadernación rústica
Nota libre Dedicatoria autógrafa del autor
itemnumber 207191
942 ## - ELEMENTOS DE ENTRADA SECUNDARIOS (KOHA)
Tipo de ítem Koha Libro impreso
Suprimir en OPAC No
Holdings
Estatus retirado Estado de pérdida Fuente del sistema de clasificación o colocación Estado de daño No para préstamo Colección Biblioteca de origen Biblioteca actual Ubicación en estantería Fecha de adquisición Fuente de adquisición Total de préstamos Signatura topográfica completa Código de barras Visto por última vez Precio de reemplazo Tipo de ítem Koha Nota pública
    Clasificación decimal universal     Libros con dedicatorias Biblioteca del Ateneo de Madrid Biblioteca del Ateneo de Madrid Despachos-biblioteca 20/03/2026 Donación   DB-102 2026-0184 08/04/2026 08/04/2026 Libro impreso Dedicatoria autógrafa del autor